000 00543nam a2200169 4500
008 170928b xxu||||| |||| 00| 0 eng d
020 _a0-697-37341-x
082 _21997
_aDC 573.05
_bP56
245 _aPhysical anthropology/
_cedited by Elvio Angeloni
250 _aSixth Edition
260 _aConnecticut:
_bDushkin/McGraw-Hill,
_c©1997.
300 _a1 v (various paging):
_billustrations;
_c27 cm.
500 _aIncludes index.
650 0 _922760
_aPhysical anthropology
_vPeriodicals
700 _922761
_aAngeloni, Elvio
942 _2ddc
_cDC
999 _c7504
_d7504